Kautokeino/Karasjok Russen - Statistics

General Stats
  • This quiz has been taken 11 times
  • The average score is 10 of 31
Answer Stats
Hint Answer % Correct
Ktk 2026 B BB/Oneupper
100%
Ktk 2022 A DBMO/West Side
100%
Ktk 2026 A FB/Veiviseren
100%
Ktk 2024 A Klåklypa/Opprøret
100%
Ktk 2025 B Mirku/Lappland
100%
Ktk 2024 B Teardown/Ruff Riderz
100%
Ktk 2025 A Viva La Vidda
100%
Ktk 2023 A Lost Cause/Oblivious
83%
Ktk 2021 A No Clue/Nordic Babes
83%
Karasjok 2023 C VV/Vuolla Vuojas
50%
Ktk 2021 B Huskerikke
33%
Karasjok 2023 A RC/Wicked Game
17%
Karasjok 2019 B Baewatch
0%
Alta 2026 B (G) BeerHoven
0%
Karasjok 2020 B Berusalem
0%
Karasjok 2019 A Hijackers
0%
Ktk 2016 A kautoruss2k16
0%
Karasjok 2021 C Laplanders
0%
Alta 2026 A (J) Off Limits
0%
Alta 2026 B (J) OverDrive
0%
Karasjok 2022 B Riot
0%
Karasjok 2025 A Ruksesleavggat
0%
Karasjok 2021 B Sameblod
0%
Karasjok 2021 D SimpSons
0%
Karasjok 2023 B SIT/Lit Balada
0%
Alta 2026 A (G) Snøklypa
0%
Karasjok 2022 A Sopranos/Vicious
0%
Karasjok 2021 A Stinsons
0%
Karasjok 2020 C Stuimmit
0%
Karasjok 2020 A Tequilass
0%
Karasjok 2024 A Wolf Pack/Vultures
0%
No matching quizzes found
Score Distribution
Percent of People with Each Score
Percentile by Number Answered
Your Score History
You have not taken this quiz